000 01533cam a22004574i 4500
003 PE-LiUPU
005 20250731172909.0
008 150616s1929 r 000 0 d
035 _a(Sirsi) a167506
040 _aPE-LiUPU
_bspa
_cPE-LiUPU
_erda
049 _aPRUA
082 0 4 _a286.7325
_bPTS
_221
100 1 _aWhite, Elena G. de,
_eautor.
245 1 0 _aPrinciples of True Science /
_cElene G. de White.
264 1 _aTakoma Park :
_bWashinton College Press,
_c1929.
300 _a720 pages ;
_c18 centimeters.
336 _atext
_2rdacontent
337 _aunmediated
_2rdamedia
338 _avolume
_2rdacarrier
505 0 _aPrinciples of true science.
526 _aSEG42
526 _aSEG41
526 _aSEG40
526 _aSEG39
526 _aP94
526 _aP87
526 _aP86
526 _aP85
526 _aP77
526 _aP76
526 _aP35
650 0 4 _aCreación
_xTerminología.
910 _ajck
_bncf
_cncf
_d20170503
942 _2ddc
_cBOOK
994 _aC0
_bPEPRU
596 _a1 4
999 _a286.7325 W54
_wLC
_c16237
_i75737
_f2021-11-11
_g4
_lCCODEBUL1
_mBUL
_p10.00
_r0
_sY
_tBOOK
_u2017-5-3
_xTEOLOGIA
_PP85
_0DONACION
_o.STAFF. Colección Teologia
_d16237
999 _a286.7325 PTS
_wDEWEY
_c1
_iCW06365
_f2021-12-21
_g2
_lCCODECWL1
_mBWL
_p35.00
_r1
_sY
_tBOOK
_u2015-6-16
_xWHITE
_zUNKNOWN
_0COMPRA
_o.STAFF. Centro White
980 _81
_gALBERTO SANCHEZ Responsable de Automatización